| 000 | 00481nam a22001817a 4500 | ||
|---|---|---|---|
| 003 | GBCCL | ||
| 005 | 20251201125104.0 | ||
| 008 | 180702b ||||| |||| 00| 0 eng d | ||
| 020 | _a1596450606 | ||
| 020 | _a1596450614 | ||
| 040 | _cGBC | ||
| 082 |
_a220.5954 _bPAI 1 |
||
| 245 |
_aLaisiangthou: _bthukhunlui leh thukhun thak |
||
| 260 |
_c2004. _aGrand Rapids: _bBibleds International, |
||
| 300 |
_a1304, 406p. _bmaps |
||
| 650 |
_aBible _vPaite _912283 |
||
| 942 |
_ePAITE _2ddc _cREF |
||
| 999 |
_c6862 _d6862 |
||